[Event "Aberto Brasil - II Niterói Chess Open "]
[Site "Salão de Convenções do Hot"]
[Date "2022.09.05"]
[Round "7.51"]
[White "Bail, Ellen Larissa"]
[Black "Marcondes, Igor Dalcol"]
[Result "0-1"]
[WhiteElo "1899"]
[BlackElo "1783"]
[PlyCount "106"]
[EventDate "2022.09.01"]
[EventRounds "9"]
[EventCountry "BRA"]

1. d4 d5 2. Nf3 c6 3. g3 Nf6 4. Bg2 Bf5 5. O-O h6 6. c4 e6 7. Nbd2 Nbd7 8. b3
Be7 9. Bb2 O-O 10. Ne5 Qa5 11. Nxd7 Nxd7 12. e4 dxe4 13. Nxe4 Nf6 14. Nc3 Ba3
15. Bxa3 Qxa3 16. Qe2 Rfd8 17. Rad1 Bg4 18. f3 Bf5 19. Ne4 Qe7 20. Rfe1 Rd7 21.
Nc5 Rd6 22. Qe5 Nd7 23. Qxf5 exf5 24. Rxe7 Nxc5 25. Re5 Ne6 26. d5 f4 27. Rde1
cxd5 28. cxd5 Nc7 29. Re7 Nxd5 30. Rxb7 a6 31. Rd1 Rad8 32. Bf1 Ne3 33. Rxd6
Rxd6 34. Rb8+ Kh7 35. Be2 Rd2 36. Kf2 Rxa2 37. Rb4 Nd5 38. Ra4 Rxe2+ 39. Kxe2
Nc3+ 40. Kd3 Nxa4 41. bxa4 fxg3 42. hxg3 h5 43. a5 g5 44. f4 gxf4 45. gxf4 Kg6
46. Ke4 Kf6 47. Kf3 Kf5 48. Kg3 h4+ 49. Kxh4 Kxf4 50. Kh3 Kf3 51. Kh4 f5 52.
Kg5 f4 53. Kf5 Ke3 0-1

[Event "Aberto Brasil - II Niterói Chess Open "]
[Site "Salão de Convenções do Hot"]
[Date "2022.09.05"]
[Round "7.52"]
[White "Da Silva, Joao Carlos Orguim"]
[Black "Montanu, Dan-Vladimir"]
[Result "0-1"]
[WhiteElo "1747"]
[BlackElo "1894"]
[PlyCount "60"]
[EventDate "2022.09.01"]
[EventRounds "9"]
[EventCountry "BRA"]

1. e4 e6 2. d4 d5 3. Nd2 c5 4. Ngf3 Nc6 5. Bb5 dxe4 6. Nxe4 Qa5+ 7. Nc3 Bd7 8.
Qe2 cxd4 9. Bxc6 Bxc6 10. Nxd4 Bb4 11. Bd2 Ne7 12. Nxc6 Nxc6 13. a3 O-O 14. O-O
Bxc3 15. Bxc3 Qf5 16. Rad1 Rfd8 17. Rxd8+ Rxd8 18. Rd1 Rd5 19. h3 f6 20. Re1 e5
21. Qc4 Qe6 22. f4 g6 23. g4 Kg7 24. g5 fxg5 25. Bxe5+ Nxe5 26. Qc7+ Qf7 27.
Qc3 Qxf4 28. Re3 Rd1+ 29. Kg2 Qf1+ 30. Kg3 Qg1# 0-1

[Event "Aberto Brasil - II Niterói Chess Open "]
[Site "Salão de Convenções do Hot"]
[Date "2022.09.05"]
[Round "7.53"]
[White "Jorge, Denrick Cabral Jose"]
[Black "Da Rocha, Joao Batista Jose"]
[Result "1-0"]
[WhiteElo "1892"]
[BlackElo "1734"]
[PlyCount "57"]
[EventDate "2022.09.01"]
[EventRounds "9"]
[EventCountry "BRA"]

1. e4 c5 2. Nf3 d6 3. d4 cxd4 4. Nxd4 Nf6 5. Nc3 a6 6. Bg5 e6 7. f4 Be7 8. Qf3
Qb6 9. O-O-O Nc6 10. Nb3 h6 11. Bxf6 Bxf6 12. Rxd6 O-O 13. e5 Bd8 14. h4 Qc7
15. g4 Be7 16. Rd1 f6 17. exf6 Rxf6 18. f5 exf5 19. Nd5 Qd6 20. Nxf6+ Qxf6 21.
Bc4+ Kf8 22. Qd5 Bd6 23. Qxd6+ Qxd6 24. Rxd6 fxg4 25. h5 Ke7 26. Rg6 Bf5 27.
Rxg7+ Kd6 28. Rxb7 Ne5 29. Rd1+ 1-0

[Event "Aberto Brasil - II Niterói Chess Open "]
[Site "Salão de Convenções do Hot"]
[Date "2022.09.05"]
[Round "7.54"]
[White "Rabello, Gabriel Urubatan Fr"]
[Black "Da Costa, Loyson Rodrigues"]
[Result "1/2-1/2"]
[WhiteElo "1700"]
[BlackElo "1891"]
[PlyCount "86"]
[EventDate "2022.09.01"]
[EventRounds "9"]
[EventCountry "BRA"]

1. Nf3 d5 2. c4 c6 3. d4 Nf6 4. Nc3 dxc4 5. a4 Bf5 6. e3 e6 7. Bxc4 Bb4 8. O-O
O-O 9. h3 Nbd7 10. Nh4 Nb6 11. Bb3 Nfd5 12. Nxd5 Nxd5 13. Nxf5 exf5 14. Bd2 Be7
15. Qf3 g6 16. Bxd5 Qxd5 17. Qxd5 cxd5 18. Rfc1 Rfc8 19. f3 Kf8 20. Kf1 Ke8 21.
Ke2 Kd7 22. Kd3 Rxc1 23. Rxc1 Rc8 24. Rc3 Rc6 25. b4 Ra6 26. Ra3 Re6 27. Rb3
Rb6 28. b5 Re6 29. Rb1 Bd6 30. g4 h5 31. Rg1 fxg4 32. hxg4 hxg4 33. Rxg4 f5 34.
Rg2 Be7 35. f4 g5 36. fxg5 Rg6 37. Rh2 Rxg5 38. Rh7 Rg8 39. Bb4 Re8 40. Ke2 Ke6
41. Bxe7 Rxe7 42. Rxe7+ Kxe7 43. Kf3 b6 1/2-1/2

[Event "Aberto Brasil - II Niterói Chess Open "]
[Site "Salão de Convenções do Hot"]
[Date "2022.09.05"]
[Round "7.55"]
[White "De Freitas, Isabella Ribeiro Co"]
[Black "Carrillo Marval, Maria Angelica"]
[Result "1-0"]
[WhiteElo "1888"]
[BlackElo "1734"]
[PlyCount "75"]
[EventDate "2022.09.01"]
[EventRounds "9"]
[EventCountry "BRA"]

1. e4 c5 2. Nf3 d6 3. d4 cxd4 4. Nxd4 Nf6 5. Nc3 g6 6. Be3 Bg7 7. f3 O-O 8. Qd2
Nc6 9. O-O-O d5 10. Kb1 e5 11. Nxc6 bxc6 12. exd5 Nxd5 13. Nxd5 cxd5 14. Qxd5
Qxd5 15. Rxd5 Be6 16. Ra5 Rfb8 17. b3 Rb7 18. Bd3 f5 19. Ra6 Kf7 20. Rd1 Rc7
21. Be2 Bc8 22. Ra5 Bf6 23. Bc4+ Be6 24. Bxe6+ Kxe6 25. Ra6+ Ke7 26. Rdd6 Bh8
27. c4 Rb8 28. Rdc6 Rd7 29. Rxa7 Rxa7 30. Bxa7 Rb7 31. Bc5+ Kf7 32. Bd6 Rd7 33.
Rc7 Ke6 34. Rxd7 Kxd7 35. c5 Kc6 36. a4 e4 37. fxe4 fxe4 38. Kc2 1-0

[Event "Aberto Brasil - II Niterói Chess Open "]
[Site "Salão de Convenções do Hot"]
[Date "2022.09.05"]
[Round "7.56"]
[White "Saraiva, Alexandre Pacheco"]
[Black "Simas, Breno Matos"]
[Result "1/2-1/2"]
[WhiteElo "1882"]
[BlackElo "1749"]
[PlyCount "88"]
[EventDate "2022.09.01"]
[EventRounds "9"]
[EventCountry "BRA"]

1. c4 c6 2. d4 d5 3. e3 Nf6 4. Nc3 e6 5. Nf3 Be7 6. Bd3 dxc4 7. Bxc4 Nbd7 8.
O-O O-O 9. b3 Nb6 10. Be2 Nbd5 11. Bb2 Nxc3 12. Bxc3 Nd5 13. Qd2 Nxc3 14. Qxc3
c5 15. dxc5 Bf6 16. Ne5 Qc7 17. f4 Bd7 18. Rac1 a5 19. Qd4 Bxe5 20. fxe5 Bc6
21. Qf4 Rad8 22. Rcd1 Rd5 23. Rxd5 Bxd5 24. Rc1 Qe7 25. e4 Bc6 26. Bf3 Rd8 27.
Qe3 Bb5 28. Rc3 Qd7 29. a4 Bc6 30. Kf2 h6 31. Rc1 Qe7 32. g3 Qc7 33. Qc3 Kf8
34. Ke3 Qe7 35. Qxa5 Qg5+ 36. Ke2 Rd4 37. Rd1 Qxe5 38. Rxd4 Qxd4 39. Qd2 Qxc5
40. Qd8+ Be8 41. Qd3 Qc1 42. Qd6+ Kg8 43. h4 Bc6 44. Qf4 Qb2+ 1/2-1/2

[Event "Aberto Brasil - II Niterói Chess Open "]
[Site "Salão de Convenções do Hot"]
[Date "2022.09.05"]
[Round "7.57"]
[White "Dos Santos, Fabricio Ferreira"]
[Black "Pavao, Fabio Biasi"]
[Result "1/2-1/2"]
[WhiteElo "1882"]
[BlackElo "1737"]
[PlyCount "41"]
[EventDate "2022.09.01"]
[EventRounds "9"]
[EventCountry "BRA"]

1. d4 Nf6 2. c4 c6 3. Nf3 d5 4. g3 g6 5. Bg2 Bg7 6. cxd5 cxd5 7. O-O O-O 8. Nc3
Nc6 9. Ne5 Bf5 10. Qa4 Bd7 11. Nxd7 Qxd7 12. Bg5 e6 13. Rfd1 a6 14. Qc2 b5 15.
a3 Na5 16. Bxf6 Bxf6 17. e4 Rac8 18. exd5 exd5 19. Qd3 Qa7 20. Nxd5 Bg7 21. Re1
{(=)} 1/2-1/2

[Event "Aberto Brasil - II Niterói Chess Open "]
[Site "Salão de Convenções do Hot"]
[Date "2022.09.05"]
[Round "7.58"]
[White "Cruz, Natan Gomes"]
[Black "Pereira, Arthur Macedo"]
[Result "1-0"]
[WhiteElo "1881"]
[BlackElo "1703"]
[PlyCount "63"]
[EventDate "2022.09.01"]
[EventRounds "9"]
[EventCountry "BRA"]

1. d4 Nf6 2. Nf3 g6 3. e3 Bg7 4. c4 O-O 5. Nc3 d5 6. Be2 c5 7. dxc5 Qa5 8. O-O
dxc4 9. Bxc4 Qxc5 10. Be2 Nc6 11. e4 Rd8 12. Qa4 Ng4 13. h3 Nge5 14. Be3 Nxf3+
15. Bxf3 Bd4 16. Rad1 Be6 17. Nd5 Bxe3 18. Nxe3 Qg5 19. Kh1 Ne5 20. Be2 Bd7 21.
Qb4 Nc6 22. Qxb7 Rab8 23. Qc7 Rbc8 24. Qh2 Rb8 25. b3 Qa5 26. Bc4 Qxa2 27. b4
Qb2 28. b5 Ne5 29. Rb1 Qd4 30. Rfd1 Qc5 31. Rd5 Qa3 32. Qxe5 1-0

[Event "Aberto Brasil - II Niterói Chess Open "]
[Site "Salão de Convenções do Hot"]
[Date "2022.09.05"]
[Round "7.59"]
[White "Campagnolo, Fabiola"]
[Black "Dias, Matheus Braga"]
[Result "0-1"]
[WhiteElo "1702"]
[BlackElo "1877"]
[PlyCount "54"]
[EventDate "2022.09.01"]
[EventRounds "9"]
[EventCountry "BRA"]

1. d4 Nf6 2. c4 g6 3. Nc3 d5 4. h4 h5 5. c5 b6 6. b4 a5 7. Qa4+ Bd7 8. b5 c6 9.
Bf4 cxb5 10. Nxb5 Na6 11. Rc1 Rc8 12. Qb3 bxc5 13. Na7 e5 14. Bxe5 c4 15. Qb7
Bb4+ 16. Kd1 Ba4+ 17. Rc2 Ng4 18. Nxc8 Nxf2+ 19. Kc1 Ba3+ 20. Kd2 Ne4+ 21. Ke3
O-O 22. Rxc4 dxc4 23. Qxe4 Qxc8 24. g4 Qxg4 25. Qxg4 hxg4 26. Kd2 Bb4+ 27. Kc1
c3 0-1

[Event "Aberto Brasil - II Niterói Chess Open "]
[Site "Salão de Convenções do Hot"]
[Date "2022.09.05"]
[Round "7.60"]
[White "Pereira, Rodrigo Ferreira"]
[Black "Petrenko, Willy"]
[Result "1-0"]
[WhiteElo "1568"]
[BlackElo "1876"]
[PlyCount "99"]
[EventDate "2022.09.01"]
[EventRounds "9"]
[EventCountry "BRA"]

1. c4 Nf6 2. g3 c6 3. Bg2 e6 4. b3 d5 5. Nf3 Be7 6. Bb2 O-O 7. O-O Nbd7 8. d3
Qb6 9. Qc2 h6 10. Nbd2 Re8 11. Rab1 Nh7 12. e4 Ng5 13. Nxg5 Bxg5 14. cxd5 exd5
15. exd5 Re2 16. Bc3 cxd5 17. Bf3 Re8 18. Bxd5 Nf6 19. Bg2 Bxd2 20. Qxd2 Bf5
21. Bxf6 Qxf6 22. Bxb7 Rad8 23. Rbe1 Rxe1 24. Rxe1 Rxd3 25. Qe2 Rd7 26. Bc8 Rc7
27. Qe8+ Kh7 28. Bxf5+ Qxf5 29. Qe4 Kg6 30. Kg2 Qxe4+ 31. Rxe4 f5 32. Re6+ Kf7
33. Ra6 g6 34. a3 Kg7 35. b4 h5 36. h4 Kh6 37. a4 Rb7 38. b5 Rf7 39. a5 Rb7 40.
b6 axb6 41. Rxb6 Ra7 42. a6 Ra8 43. Kf3 Kg7 44. Rb7+ Kf6 45. a7 Ke5 46. Ke3 f4+
47. gxf4+ Kf6 48. Ke4 Ke6 49. Rb6+ Kf7 50. Ra6 1-0

[Event "Aberto Brasil - II Niterói Chess Open "]
[Site "Salão de Convenções do Hot"]
[Date "2022.09.05"]
[Round "7.61"]
[White "Martins de Aguiar, Marina"]
[Black "Fernandes, Joao Manoel Strauss"]
[Result "1-0"]
[WhiteElo "1874"]
[BlackElo "1688"]
[PlyCount "39"]
[EventDate "2022.09.01"]
[EventRounds "9"]
[EventCountry "BRA"]

1. e4 e5 2. d4 exd4 3. Qxd4 Nc6 4. Qe3 Bb4+ 5. Nc3 Nf6 6. Bd2 O-O 7. O-O-O Re8
8. Qg3 Nxe4 9. Nxe4 Rxe4 10. Bxb4 Rxb4 11. a3 Rd4 12. Bd3 d6 13. Qe3 g6 14. Nf3
Rd5 15. h4 Ne5 16. Nxe5 Rxe5 17. Qd4 h5 18. Bxg6 Bg4 19. f3 fxg6 20. fxg4 1-0

[Event "Aberto Brasil - II Niterói Chess Open "]
[Site "Salão de Convenções do Hot"]
[Date "2022.09.05"]
[Round "7.64"]
[White "Vaz, Osvaldo Jose"]
[Black "Karoly, Carlos Acacio Gomes"]
[Result "1/2-1/2"]
[WhiteElo "1645"]
[BlackElo "1854"]
[PlyCount "61"]
[EventDate "2022.09.01"]
[EventRounds "9"]
[EventCountry "BRA"]

1. e4 d6 2. d4 Nf6 3. Nc3 g6 4. Be3 c6 5. Qd2 Nbd7 6. Bd3 b5 7. Nf3 a6 8. O-O
Bg7 9. Ne2 Bb7 10. Ng3 Qc7 11. c4 Ng4 12. Rac1 Nxe3 13. fxe3 Qb6 14. a3 c5 15.
Qf2 O-O 16. b3 Rac8 17. Kh1 h6 18. Qe2 b4 19. axb4 cxd4 20. exd4 Bxd4 21. Nxd4
Qxd4 22. Rcd1 Qe5 23. Bb1 Nf6 24. Qe3 Kh7 25. Rde1 h5 26. Rf4 Rb8 27. Ref1 Bc8
28. Qd2 Be6 29. Rh4 Kg7 30. Rf5 Qa1 31. Rf1 1/2-1/2

[Event "Aberto Brasil - II Niterói Chess Open "]
[Site "Salão de Convenções do Hot"]
[Date "2022.09.05"]
[Round "7.65"]
[White "Silva, Ezequiel Demetras"]
[Black "Morais, Wagner Soares De"]
[Result "0-1"]
[WhiteElo "1807"]
[BlackElo "1845"]
[PlyCount "120"]
[EventDate "2022.09.01"]
[EventRounds "9"]
[EventCountry "BRA"]

1. e4 c5 2. Nf3 d6 3. Bb5+ Bd7 4. Bxd7+ Qxd7 5. O-O Nc6 6. c4 g6 7. d4 cxd4 8.
Nxd4 Bg7 9. Be3 Nf6 10. Nc3 O-O 11. f3 Nxd4 12. Bxd4 Qc6 13. b3 Nd7 14. Nd5
Rfe8 15. Bxg7 Kxg7 16. Qd4+ Kg8 17. Kh1 a5 18. Nc3 Qc5 19. Qxc5 Nxc5 20. Nb5
Rec8 21. Nc3 Kf8 22. Rfd1 f6 23. Rab1 Kf7 24. a4 g5 25. h3 h5 26. Kg1 Rg8 27.
Kf2 g4 28. hxg4 hxg4 29. f4 Rh8 30. Rd5 Rh6 31. e5 fxe5 32. fxe5 Rg8 33. Ke3
Re6 34. Ne4 b6 35. Rf1+ Ke8 36. Nxc5 dxc5 37. Rf5 Rh6 38. Rd2 Rgg6 39. Ke4 Rh1
40. Rd3 Re1+ 41. Re3 Rd1 42. Rd3 Re1+ 43. Re3 Rd1 44. Rf4 Rg5 45. Rd3 Re1+ 46.
Kd5 Rexe5+ 47. Kc6 Re6+ 48. Kc7 Rf6 49. Rxf6 exf6 50. Kxb6 Re5 51. Kxa5 Re2 52.
Rg3 f5 53. Kb5 Re5 54. a5 Kd8 55. Kb6 Kc8 56. a6 Kb8 57. Rd3 Re6+ 58. Kxc5 Rxa6
59. Rd5 g3 60. Rxf5 Ra5+ 0-1

[Event "Aberto Brasil - II Niterói Chess Open "]
[Site "Salão de Convenções do Hot"]
[Date "2022.09.05"]
[Round "7.66"]
[White "De Oliveira, Sergio Patricio"]
[Black "Da Cunha, Fabio Barbosa"]
[Result "1/2-1/2"]
[WhiteElo "1605"]
[BlackElo "2130"]
[PlyCount "107"]
[EventDate "2022.09.01"]
[EventRounds "9"]
[EventCountry "BRA"]

1. d4 Nf6 2. c4 g6 3. Nc3 Bg7 4. e4 d6 5. h3 O-O 6. Nf3 Nbd7 7. Bd3 e5 8. d5
Ne8 9. g4 c5 10. Be3 a6 11. Qd2 Rb8 12. Bh6 Qa5 13. Bxg7 Kxg7 14. O-O f6 15.
Nh4 b5 16. f4 exf4 17. Rxf4 Ne5 18. cxb5 c4 19. Bc2 Kh8 20. Rf2 axb5 21. Nf3
Nxf3+ 22. Rxf3 Qa7+ 23. Kg2 b4 24. Ne2 b3 25. Bd1 Ng7 26. a3 f5 27. Qd4 Qe7 28.
gxf5 gxf5 29. Qxc4 f4 30. Bxb3 Qh4 31. Qc3 Bxh3+ 32. Rxh3 Qg4+ 33. Kf2 f3 34.
Rxf3 Qxe4 35. Rh1 Qxf3+ 36. Qxf3 Rxf3+ 37. Kxf3 Rxb3+ 38. Ke4 Rxb2 39. Nd4 Ra2
40. Rh3 Kg8 41. Nf5 Re2+ 42. Re3 Nxf5 43. Rxe2 Ng3+ 44. Kf3 Nxe2 45. Kxe2 Kf7
46. Kf3 Ke7 47. Kg4 Kd7 48. a4 Kc7 49. Kg5 Kb6 50. Kh6 Kc5 51. Kxh7 Kxd5 52.
Kg6 Kc5 53. Kf5 d5 54. a5 1/2-1/2

[Event "Aberto Brasil - II Niterói Chess Open "]
[Site "Salão de Convenções do Hot"]
[Date "2022.09.05"]
[Round "7.67"]
[White "Silva, Marcelo Dos Santos"]
[Black "Olivo, Anibal Ribeiro"]
[Result "1-0"]
[WhiteElo "1910"]
[BlackElo "1554"]
[PlyCount "47"]
[EventDate "2022.09.01"]
[EventRounds "9"]
[EventCountry "BRA"]

1. c4 Nf6 2. d4 g6 3. Nc3 Bg7 4. e4 d6 5. f4 O-O 6. Bd3 c5 7. d5 e6 8. dxe6
Bxe6 9. Nf3 Re8 10. O-O Nc6 11. f5 gxf5 12. exf5 Bc8 13. Bg5 Ne5 14. Nd5 b6 15.
Be4 Rb8 16. Qe1 Bb7 17. Qh4 Bxd5 18. Bxd5 Ned7 19. Be6 Qc8 20. Bxd7 Nxd7 21. f6
Bf8 22. Bh6 Kh8 23. Ng5 Re5 24. Bg7+ 1-0

[Event "Aberto Brasil - II Niterói Chess Open "]
[Site "Salão de Convenções do Hot"]
[Date "2022.09.05"]
[Round "7.68"]
[White "Da Silva, Jose Almir Martins"]
[Black "Marocco, Gabriel Leao Quadro"]
[Result "0-1"]
[WhiteElo "1912"]
[BlackElo "1482"]
[PlyCount "70"]
[EventDate "2022.09.01"]
[EventRounds "9"]
[EventCountry "BRA"]

1. e4 c5 2. Nf3 d6 3. d4 cxd4 4. Nxd4 Nf6 5. Nc3 a6 6. Be2 e6 7. O-O Be7 8. Be3
O-O 9. f4 Qc7 10. Bf3 Nc6 11. Nxc6 bxc6 12. g4 d5 13. g5 Nd7 14. Qe1 Bc5 15.
Na4 Ba7 16. Qc3 Qxf4 17. Bxa7 Qxg5+ 18. Kh1 Rxa7 19. Rg1 Qf6 20. Qe3 d4 21. Qf2
e5 22. Rg3 Rb7 23. Rag1 g6 24. Rg5 Rb5 25. Rf5 Qe7 26. Bh5 Nb6 27. Nxb6 Bxf5
28. exf5 Rxb6 29. f6 Qd8 30. Qh4 Re8 31. Bg4 e4 32. Rf1 c5 33. Rf5 Ree6 34. Rh5
Qxf6 35. Rxh7 Qxh4 0-1

[Event "Aberto Brasil - II Niterói Chess Open "]
[Site "Salão de Convenções do Hot"]
[Date "2022.09.05"]
[Round "7.69"]
[White "De Oliveira, Francemir Barra"]
[Black "Rodrigues, Nei Jorge"]
[Result "0-1"]
[WhiteElo "1599"]
[BlackElo "1872"]
[PlyCount "68"]
[EventDate "2022.09.01"]
[EventRounds "9"]
[EventCountry "BRA"]

1. e4 c5 2. Nf3 d6 3. d4 cxd4 4. Nxd4 Nf6 5. Nc3 a6 6. a3 e6 7. Bg5 Be7 8. Be2
O-O 9. Qd2 Qc7 10. Rd1 Nbd7 11. O-O b5 12. f4 Bb7 13. Bf3 Rac8 14. Rfe1 Rfd8
15. Kh1 h6 16. Bxf6 Nxf6 17. g4 Nh7 18. Qg2 Qc5 19. Rg1 Bf6 20. Nb3 Qe3 21. Qg3
Bh4 22. Qg2 Qxf4 23. Rd2 Ng5 24. Rf1 Qe5 25. Re2 Rc7 26. Nc1 Rxc3 27. bxc3 Qxc3
28. Nd3 Qxa3 29. Nf4 a5 30. Nh3 b4 31. Nf4 Ba6 32. Ref2 Bxf2 33. Rxf2 Qc1+ 34.
Qg1 Qxf4 0-1

[Event "Aberto Brasil - II Niterói Chess Open "]
[Site "Salão de Convenções do Hot"]
[Date "2022.09.05"]
[Round "7.70"]
[White "Pessoa, Vitor Henrique Leop"]
[Black "Baeta, Marcio Netto"]
[Result "0-1"]
[WhiteElo "1250"]
[BlackElo "1799"]
[PlyCount "116"]
[EventDate "2022.09.01"]
[EventRounds "9"]
[EventCountry "BRA"]

1. e4 c5 2. Nf3 Nc6 3. d4 cxd4 4. Nxd4 e6 5. Nc3 a6 6. Bc4 Qc7 7. Bb3 Nf6 8.
Be3 Bb4 9. f3 Ne5 10. Qd2 Nc4 11. Bxc4 Qxc4 12. Qd3 Qxd3 13. cxd3 d5 14. O-O e5
15. Nc2 Be7 16. exd5 Bf5 17. Rfd1 Rd8 18. Bb6 Rd7 19. Ne3 Bg6 20. Rac1 O-O 21.
d4 e4 22. f4 Bd6 23. Rf1 h5 24. f5 Bh7 25. Bc5 g6 26. fxg6 fxg6 27. Rf2 g5 28.
Rcf1 Bf4 29. Ncd1 Rff7 30. g3 Bxe3 31. Nxe3 Kg7 32. Nf5+ Bxf5 33. Rxf5 Nxd5 34.
Rxf7+ Rxf7 35. Rxf7+ Kxf7 36. Kf2 Ke6 37. h4 Kf5 38. hxg5 Kxg5 39. Bd6 Kg4 40.
a4 b5 41. axb5 axb5 42. Ke2 Kf5 43. Kf2 Nb6 44. b3 Nd5 45. Ke2 Ke6 46. Be5 Ne7
47. Ke3 Kd5 48. Kd2 Nc6 49. Ke3 Nxe5 50. dxe5 Kxe5 51. b4 Kd5 52. Kf4 Kd4 53.
Kg5 e3 54. Kxh5 e2 55. g4 e1=Q 56. g5 Ke5 57. g6 Kf6 58. Kh6 Qh4# 0-1

[Event "Aberto Brasil - II Niterói Chess Open "]
[Site "Salão de Convenções do Hot"]
[Date "2022.09.05"]
[Round "7.72"]
[White "Lima, Ivan Varga"]
[Black "Dioscanio, Rafael Cacador"]
[Result "1-0"]
[WhiteElo "1744"]
[BlackElo "1787"]
[PlyCount "79"]
[EventDate "2022.09.01"]
[EventRounds "9"]
[EventCountry "BRA"]

1. d4 d5 2. c4 c6 3. Nc3 Nf6 4. Nf3 Bf5 5. cxd5 cxd5 6. Qb3 b6 7. e4 dxe4 8.
Ne5 e6 9. Bb5+ Nbd7 10. Bg5 Be7 11. Bxf6 gxf6 12. Nxd7 a6 13. Nxb6+ axb5 14.
Qxb5+ Kf8 15. Nxa8 Qxa8 16. d5 Qa7 17. dxe6 fxe6 18. Qe2 Qc7 19. g4 Bg6 20.
O-O-O Bc5 21. Kb1 e3+ 22. Ka1 exf2 23. Qxe6 Qe7 24. Qxe7+ Kxe7 25. Rhf1 Rd8 26.
Rxd8 Kxd8 27. Nd1 Bd3 28. Rxf2 Bxf2 29. Nxf2 Be2 30. Kb1 Kd7 31. Kc2 Bf3 32.
Kc3 Kc6 33. a4 Kb6 34. b4 Bd5 35. Nd3 Bf3 36. h3 Bg2 37. Nf4 Bf1 38. Nd5+ Ka6
39. h4 Bh3 40. Nxf6 1-0

[Event "Aberto Brasil - II Niterói Chess Open "]
[Site "Salão de Convenções do Hot"]
[Date "2022.09.05"]
[Round "7.73"]
[White "Tsai, Roberto Gong Wei"]
[Black "Barbosa, Luiz Francisco Da S"]
[Result "1/2-1/2"]
[WhiteElo "1790"]
[BlackElo "1729"]
[PlyCount "89"]
[EventDate "2022.09.01"]
[EventRounds "9"]
[EventCountry "BRA"]

1. b3 d5 2. Bb2 Nf6 3. g3 g6 4. Bg2 Bg7 5. Nf3 O-O 6. O-O c5 7. d3 Nc6 8. Nbd2
Re8 9. Re1 Qc7 10. c3 b6 11. Qc2 Bb7 12. e4 dxe4 13. Nxe4 Nxe4 14. dxe4 Rad8
15. Rad1 Rxd1 16. Rxd1 Rd8 17. h3 Ne5 18. Nxe5 Bxe5 19. Rd3 Ba6 20. Rxd8+ Qxd8
21. c4 Bxb2 22. Qxb2 Bb7 23. Qe5 e6 24. h4 h5 25. Bf3 Kf8 26. Qf4 Kg7 27. e5
Bxf3 28. Qxf3 Qd4 29. Qf6+ Kg8 30. Qe7 Qa1+ 31. Kg2 Qxa2 32. Qe8+ Kg7 33. Qa4
Qb2 34. Kf1 Qxe5 35. Qxa7 Qd6 36. Qa1+ e5 37. Ke2 Qd4 38. Qb1 f5 39. Qc1 e4 40.
Qf4 Qb2+ 41. Ke1 Qc3+ 42. Kf1 Qd3+ 43. Ke1 Qb1+ 44. Ke2 Qd3+ 45. Ke1 1/2-1/2

[Event "Aberto Brasil - II Niterói Chess Open "]
[Site "Salão de Convenções do Hot"]
[Date "2022.09.05"]
[Round "7.79"]
[White "Catalan Gonzalez, Arturo"]
[Black "Chaves, Jorge Antonio Torre"]
[Result "0-1"]
[WhiteElo "1442"]
[BlackElo "1865"]
[PlyCount "66"]
[EventDate "2022.09.01"]
[EventRounds "9"]
[EventCountry "BRA"]

1. e4 c5 2. Nc3 Nc6 3. f4 g6 4. Bc4 Bg7 5. Nf3 e6 6. d3 d6 7. O-O Nge7 8. a3 a6
9. Qe1 b5 10. Ba2 Qc7 11. Qh4 Bd7 12. f5 gxf5 13. Bh6 Bxh6 14. Qxh6 O-O-O 15.
Qh5 Rdf8 16. Nh4 fxe4 17. Nxe4 f5 18. Ng5 d5 19. Rae1 e5 20. Nf7 Be8 21. Rxf5
Nxf5 22. Qxf5+ Bd7 23. Qf6 c4 24. Nd6+ Kb8 25. Qh6 Qb6+ 26. Qe3 Qxe3+ 27. Rxe3
Kc7 28. Nxc4 bxc4 29. dxc4 d4 30. Re1 Rf4 31. Nf3 e4 32. Ng5 e3 33. b4 h6 0-1

[Event "Aberto Brasil - II Niterói Chess Open "]
[Site "Salão de Convenções do Hot"]
[Date "2022.09.05"]
[Round "7.80"]
[White "Barberi, Catarina"]
[Black "De Almeida, Roberto A. Ferreira"]
[Result "1/2-1/2"]
[WhiteElo "1304"]
[BlackElo "1776"]
[PlyCount "130"]
[EventDate "2022.09.01"]
[EventRounds "9"]
[EventCountry "BRA"]

1. d4 d5 2. c4 c6 3. Qc2 Nf6 4. Nf3 g6 5. Bg5 Bg7 6. e3 Bf5 7. Bd3 Ne4 8. Bf4
g5 9. Nxg5 e5 10. Nxe4 dxe4 11. Bxe4 exf4 12. Bxf5 fxe3 13. Qe4+ Qe7 14. Qxe7+
Kxe7 15. fxe3 c5 16. Nc3 cxd4 17. exd4 Bxd4 18. Nd5+ Kd6 19. O-O-O Nc6 20. Rhe1
Rae8 21. Be4 Rd8 22. b4 Bg7 23. c5+ Ke6 24. Nf4+ Ke5 25. Bxc6+ Kxf4 26. Bxb7
Rxd1+ 27. Rxd1 Re8 28. Rf1+ Kg5 29. Ba6 f5 30. Rf3 Bd4 31. Kd2 Bg1 32. h3 h5
33. c6 Bb6 34. a4 Re6 35. Rc3 Bc7 36. b5 h4 37. Rd3 Rd6 38. Rxd6 Bxd6 39. Ke3
Be5 40. Bc8 Kf6 41. Bd7 Kg5 42. Be6 Kf6 43. Bd5 Kg5 44. Kd3 Kf6 45. Kc4 Ke7 46.
Bg8 Kd6 47. Bd5 Bg3 48. Bf3 Bf2 49. a5 Kc7 50. Kd5 Be1 51. b6+ axb6 52. axb6+
Kxb6 53. Ke5 Bg3+ 54. Kxf5 Kc7 55. Kg5 Kd6 56. Kg4 Kc7 57. Kf5 Kd6 58. Kf6 Bf2
59. g4 hxg3 60. Kf5 Kc7 61. Kg4 Kd6 62. h4 Kc7 63. Kg5 Kd6 64. Kg6 g2 65. Bxg2
Bxh4 1/2-1/2

[Event "Aberto Brasil - II Niterói Chess Open "]
[Site "Salão de Convenções do Hot"]
[Date "2022.09.05"]
[Round "7.81"]
[White "Campagnolo, Bruna"]
[Black "De Oliveira, Joao Eudes"]
[Result "1-0"]
[WhiteElo "1393"]
[BlackElo "1643"]
[PlyCount "59"]
[EventDate "2022.09.01"]
[EventRounds "9"]
[EventCountry "BRA"]

1. e4 c5 2. Nf3 d6 3. d4 cxd4 4. Nxd4 Nf6 5. Nc3 a6 6. Be2 e5 7. Nb3 Be7 8. O-O
O-O 9. Bg5 Be6 10. Qd2 Nbd7 11. Rad1 Rc8 12. f4 exf4 13. Bxf4 Ne5 14. Kh1 Qc7
15. Nd4 Bc4 16. Nf5 Rfd8 17. Bxe5 dxe5 18. Qg5 Bf8 19. Bd3 b5 20. Rf3 Bxd3 21.
cxd3 Kh8 22. Rg3 g6 23. Qxf6+ Kg8 24. Nd5 Rxd5 25. exd5 Qc2 26. Rf1 Qe2 27.
Rgf3 Rc2 28. Nh6+ Bxh6 29. Qxf7+ Kh8 30. Qe8+ 1-0

[Event "Aberto Brasil - II Niterói Chess Open "]
[Site "Salão de Convenções do Hot"]
[Date "2022.09.05"]
[Round "7.82"]
[White "Pereira, Armando Scharlau"]
[Black "Salotti, Thiago Maida"]
[Result "1/2-1/2"]
[WhiteElo "1602"]
[BlackElo "1390"]
[PlyCount "133"]
[EventDate "2022.09.01"]
[EventRounds "9"]
[EventCountry "BRA"]

1. c4 Nf6 2. Nf3 g6 3. d4 d6 4. Bg5 Nbd7 5. Nc3 Bg7 6. e4 e5 7. d5 O-O 8. Be2
h6 9. Bh4 g5 10. Bg3 Nh5 11. Nd2 Nf4 12. Bf1 Nc5 13. Qc2 f5 14. f3 fxe4 15.
Ndxe4 Bf5 16. O-O-O a6 17. Be1 b5 18. cxb5 axb5 19. Bxb5 Qb8 20. Bc4 Qb4 21.
Nb5 Qa4 22. Qxa4 Rxa4 23. Bb3 Nxb3+ 24. axb3 Ra1+ 25. Kc2 Rxd1 26. Kxd1 Nxd5
27. Nec3 Ne3+ 28. Ke2 Nxg2 29. Nxc7 Rc8 30. N3d5 Nf4+ 31. Ke3 Nxd5+ 32. Nxd5
Kf7 33. Bc3 Be6 34. Ke4 Rb8 35. b4 h5 36. Ra1 Rc8 37. Ra7+ Kf8 38. Nb6 Rc6 39.
Rb7 h4 40. b5 Rc5 41. Nd7+ Bxd7 42. Rxd7 Rxb5 43. Rxd6 Ke7 44. Rd5 Rb3 45. Bxe5
Bxe5 46. Rxe5+ Kf6 47. Rc5 Rb4+ 48. Ke3 Rxb2 49. Rc6+ Kg7 50. Rc7+ Kg6 51. Rc6+
Kh5 52. f4 Rb3+ 53. Kf2 gxf4 54. Rf6 Kg5 55. Rf8 h3 56. Rg8+ Kf5 57. Rf8+ Ke5
58. Re8+ Kd6 59. Re4 Rb2+ 60. Kf1 f3 61. Rf4 Rxh2 62. Rxf3 Rh1+ 63. Kf2 Ke5 64.
Kg3 Ke4 65. Rf2 Ke3 66. Rb2 Ke4 67. Ra2 1/2-1/2